00679cam a22002052 450000100060000000300080000600500170001400800410003103500510007204000270012304100080015008200220015810000330018024501230021326000430033630000260037950400300040565000170043565000210045234499BD-RjUL20211209052153.0140517s1977 pk b 000 0 eng d aOCLC ocm05147516 from D980205Ma(BD-RjUL)34593 aDLCcDLCdBD-RjULbeng aeng00a340.59bMUP 19771 aMuslehuddin, Mohammadd1913-10aPhilosophy of Islamic law and the orientalists :ba comparative study of Islamic legal system /cMohammad Muslehuddin. aLahore :bIslamic Publications,c1977. axvi, 302 p. ;c23 cm. aBibliography: p. 297-302. 0aIslamic law. 0aLawxPhilosophy.